| 000 | 00538nam a2200145 a 4500 | ||
|---|---|---|---|
| 008 | 120416s0000 ||||||||||||||||| || u | ||
| 020 | _a0340763825 | ||
| 050 | _aRD 734 Ath | ||
| 100 | _aAthanasou, Nicholas A | ||
| 245 | 1 | 0 | _aPathological basis of orthopaedic and rheumatic desease |
| 260 |
_aLondon _bArnold _c2001 |
||
| 300 | _avi, 385p. : ill. | ||
| 350 | _a0.00 | ||
| 995 |
_D0.00 _FCBU-MAIN LIBRARY (Kitwe) _H1 _I37.50 _M1 _UAVAILABLE _WApr 20, 2007 _ZMain Library Open Access Collection |
||
| 999 |
_c53188 _d53188 |
||